000 00635nam a2200217Ia 4500
001 17866
003 GE_BSU
008 181216s||||||||xx |||||||||||||| ||und||
040 _cGE_BSU
080 _a669.017
100 _aФридан,Я.Б.
245 _aМеханическое свойства металлов.
245 _cРед. Л.П.Рыжова.
250 _aИзд. 3-е, перераб. и доп.
260 _aМ.
260 _bМашиностроение.
260 _c1974.
300 _a472 стр с илл. 22 см.
653 _aМеханическое свойства металлов.
942 _cBK
999 _c50911
_d50911